Hí kịch Trung Quốc

Trình bày nguồn gốc hí kịch Trung Quốc. Giới thiệu hí văn đời Tống và tạp kịch đời Nguyên, truyền kì Minh Thanh và thời kì Côn khúc. Giới thiệu các loại hình hí kịch và hí kịch trong thời kỳ mở cửa hội nhập với thế giới...

Volledige beschrijving

Bewaard in:
Bibliografische gegevens
Hoofdauteur: Phó, Cẩn
Formaat: Boek
Taal:Undetermined
Gepubliceerd in: Thành phố Hồ Chí Minh Tổng hợp thành phố Hồ Chí Minh 2013
Onderwerpen:
Tags: Voeg label toe
Geen labels, Wees de eerste die dit record labelt!
Thư viện lưu trữ: Trung tâm Học liệu Trường Đại học Cần Thơ
LEADER 01079nam a2200217Ia 4500
001 CTU_185749
008 210402s9999 xx 000 0 und d
020 |c 62000 
082 |a 792.50951 
082 |b C121 
100 |a Phó, Cẩn 
245 0 |a Hí kịch Trung Quốc 
245 0 |c Phó Cẩn; Trần Thị Kim Loan (người dịch) 
260 |a Thành phố Hồ Chí Minh 
260 |b Tổng hợp thành phố Hồ Chí Minh 
260 |c 2013 
520 |a Trình bày nguồn gốc hí kịch Trung Quốc. Giới thiệu hí văn đời Tống và tạp kịch đời Nguyên, truyền kì Minh Thanh và thời kì Côn khúc. Giới thiệu các loại hình hí kịch và hí kịch trong thời kỳ mở cửa hội nhập với thế giới 
650 |a Vietnamese drama,Sân khấu Trung Quốc 
650 |x History and criticism,Lịch sử và phê bình 
910 |a Ngô Hồng Xuân 
980 |a Trung tâm Học liệu Trường Đại học Cần Thơ